000 00607cam a2200193u 4500
001 unk83074777
003 DLC
005 20260227112801.0
008 840313s1875 gw 000 0 ger
010 _aunk83074777
040 _aDLC
_cCarP
_dDLC
050 0 0 _aBS1161.P5
_bS5
100 1 _aSiegfried, Carl,
_d1830-1903.
245 1 0 _aPhilo von Alexandria als ausleger des Alten Testaments...
260 _aJena,
_bHermann Dufft,
_c1875.
300 _a418 p.
_c23 cm.
530 _aAlso available in digital form on the Internet Archive Web site.
856 4 1 _uhttp://hdl.loc.gov/loc.gdc/scd0001.00143275115
999 _c91489
_d91489